Glee Quotes Season 1 Quiz Stats

 Plays Quiz not verified by Sporcle

Challenge
Share
Tweet
Embed
Score 0/23 Timer 07:00
1 Play Today
Quote Person % Correct
'I think I have a song that expresses my feelings perfectly.'Rachel
93.9%
'I transferred back to Carmel High, Rachel.'Jesse
91.7%
'When the journey getting there has been so much fun.'Will
84.9%
'I'm seeing someone, Will.'Emma
75.9%
'I chose the fantastically terrible Run Joey Run.'Rachel
74.6%
'Mom, my water just broke.'Quinn
71.5%
'This week your assignment, GaGa.'Will
70.6%
'Mostly dip, or burgers, or my armpits. Kissing my armpits is a big turn on for me.'Brittany
63.7%
'I was afraid to dance outside my room.'Mike
60.7%
'I hated just about everyone in this school.'Santana
60.1%
' How many people at this school have ever felt fat.'Mercedes
59%
'You know, I think we should go out sometime. Just you and me this time. No third wheel.'Santana
57.7%
Quote Person % Correct
'You're beautiful. Don't let Ms. Sylvester take that away from you.'Quinn
56.1%
'At the beginning of this year I was just another football player.'Matt
55.5%
'I want it to look so optomistic it could cure cancer.[smiling students] That's what I'm talking about people. Take five everybody drink a Red Bull.'Shelby
52.5%
'Ms. Sylvester?!'Mercedes
44.2%
'Me too.'Brittany
39.1%
'That's because it's for-munda cheese.'Puck
38.6%
'Well I couldn't disagree more.'Rachel
35.3%
'I'm so depressed.'Jesse
25.8%
'With both of us'Santana, Brittany
20.5%
'You my friend are an embarrassment.'Brenda
9.1%
'That's because we're soulless automotons.'Andrea
8.2%

You're not logged in!

Compare scores with friends on all Sporcle quizzes.
OR
Log In

You Might Also Like...

Show Comments

Extras

Top Quizzes Today


Score Distribution

Your Account Isn't Verified!

In order to create a playlist on Sporcle, you need to verify the email address you used during registration. Go to your Sporcle Settings to finish the process.

Report this User

Report this user for behavior that violates our Community Guidelines.

Details: